<?xml version="1.0" encoding="UTF-8"?>
<record
    xmlns:xsi="http://www.w3.org/2001/XMLSchema-instance"
    xsi:schemaLocation="http://www.loc.gov/MARC21/slim http://www.loc.gov/standards/marcxml/schema/MARC21slim.xsd"
    xmlns="http://www.loc.gov/MARC21/slim">

  <leader>01717ngm a2200349 a 4500</leader>
  <controlfield tag="005">20220317001836.0</controlfield>
  <controlfield tag="008">170410s2008    c      g      000 0 s    </controlfield>
  <datafield tag="041" ind1=" " ind2=" ">
    <subfield code="a">ENG</subfield>
  </datafield>
  <datafield tag="082" ind1="0" ind2="4">
    <subfield code="a">791.4361</subfield>
    <subfield code="b">D32</subfield>
  </datafield>
  <datafield tag="245" ind1="0" ind2="0">
    <subfield code="a">10 pel&#xED;culas Shakespeare en el cine</subfield>
    <subfield code="h">videodisco digital</subfield>
  </datafield>
  <datafield tag="250" ind1=" " ind2=" ">
    <subfield code="a">1a. edici&#xF3;n</subfield>
  </datafield>
  <datafield tag="300" ind1=" " ind2=" ">
    <subfield code="a">6 DVD (120 minutos cada uno)</subfield>
    <subfield code="b">sonido, color</subfield>
    <subfield code="c">12 cm</subfield>
  </datafield>
  <datafield tag="490" ind1=" " ind2=" ">
    <subfield code="a">Cine club pel&#xED;culas para coleccionistas</subfield>
  </datafield>
  <datafield tag="505" ind1=" " ind2=" ">
    <subfield code="a">DVD 1 La doma de la brav&#xED;a / Franco Zeffirelli  DVD 2 Hamlet / Oliver Lawrence  DVD 3 Romeo y Julieta / Franco Zeffirelli ; Otelo / Orson Welles  DVD 4 Enrique V / Oliver Lawrence ; Planeta prohibido / Fred M. Wilcox  DVD 5 El rey Lear / Grigori Kozintsev ; Falstaff / Orson Welles  DVD 6 Macbeth / Orson Welles ; Julio C&#xE9;sar / Joseph Mankiewicz</subfield>
  </datafield>
  <datafield tag="546" ind1=" " ind2=" ">
    <subfield code="a">Pel&#xED;culas con subt&#xED;tulos en espa&#xF1;ol</subfield>
  </datafield>
  <datafield tag="650" ind1="1" ind2="4">
    <subfield code="2">LEMB</subfield>
    <subfield code="a">Literatura cl&#xE1;sica</subfield>
    <subfield code="v">Adaptaciones cinematogr&#xE1;ficas</subfield>
    <subfield code="v">Videodiscos</subfield>
    <subfield code="y">Siglo XX</subfield>
  </datafield>
  <datafield tag="650" ind1="1" ind2="4">
    <subfield code="2">LEMB</subfield>
    <subfield code="a">Pel&#xED;culas cinematogr&#xE1;ficas</subfield>
    <subfield code="v">Colecciones</subfield>
    <subfield code="v">Videodiscos</subfield>
    <subfield code="y">Siglo XX</subfield>
  </datafield>
  <datafield tag="650" ind1="1" ind2="4">
    <subfield code="2">LEMB</subfield>
    <subfield code="a">Versiones cinematogr&#xE1;ficas</subfield>
    <subfield code="v">Videodiscos</subfield>
    <subfield code="y">Siglo XX</subfield>
  </datafield>
  <datafield tag="650" ind1="1" ind2="4">
    <subfield code="2">LEMB</subfield>
    <subfield code="a">Shakespeare, William</subfield>
    <subfield code="v">Adaptaciones cinematogr&#xE1;ficas</subfield>
    <subfield code="v">Videodiscos</subfield>
    <subfield code="y">1564-1616</subfield>
  </datafield>
  <datafield tag="700" ind1="1" ind2=" ">
    <subfield code="a">Zeffirelli, Franco</subfield>
    <subfield code="d">1923-</subfield>
    <subfield code="9">72867</subfield>
  </datafield>
  <datafield tag="700" ind1="1" ind2=" ">
    <subfield code="a">Laurence, Oliver</subfield>
    <subfield code="d">1907-</subfield>
    <subfield code="9">72868</subfield>
  </datafield>
  <datafield tag="700" ind1="1" ind2=" ">
    <subfield code="a">Wilcox, Fred M.</subfield>
    <subfield code="9">77833</subfield>
  </datafield>
  <datafield tag="700" ind1="1" ind2=" ">
    <subfield code="a">Kozintsev, Grigori</subfield>
    <subfield code="d">1905-1973</subfield>
    <subfield code="9">72869</subfield>
  </datafield>
  <datafield tag="700" ind1="1" ind2=" ">
    <subfield code="a">Welles, Orson </subfield>
    <subfield code="d">1915-1985</subfield>
    <subfield code="9">71653</subfield>
  </datafield>
  <datafield tag="700" ind1="1" ind2=" ">
    <subfield code="a">Mankiewicz, Joseph Leo</subfield>
    <subfield code="d">1909-1933</subfield>
    <subfield code="9">77782</subfield>
  </datafield>
  <datafield tag="942" ind1=" " ind2=" ">
    <subfield code="2">ddc</subfield>
    <subfield code="c">DVD</subfield>
  </datafield>
  <datafield tag="264" ind1=" " ind2=" ">
    <subfield code="a">Bogot&#xE1;</subfield>
    <subfield code="b">Ejd Movies</subfield>
    <subfield code="c">2008</subfield>
  </datafield>
  <datafield tag="336" ind1=" " ind2=" ">
    <subfield code="a">texto</subfield>
    <subfield code="b">txt</subfield>
    <subfield code="2">rdacontent</subfield>
  </datafield>
  <datafield tag="337" ind1=" " ind2=" ">
    <subfield code="a">sin mediaci&#xF3;n</subfield>
    <subfield code="b">n</subfield>
    <subfield code="2">rdamedia</subfield>
  </datafield>
  <datafield tag="338" ind1=" " ind2=" ">
    <subfield code="a">volumen</subfield>
    <subfield code="b">nc</subfield>
    <subfield code="2">rdacarrier</subfield>
  </datafield>
  <datafield tag="040" ind1=" " ind2=" ">
    <subfield code="a">CO-BoRNBP</subfield>
    <subfield code="b">spa</subfield>
    <subfield code="e">rda</subfield>
    <subfield code="c">CO-BoRNBP</subfield>
  </datafield>
  <datafield tag="999" ind1=" " ind2=" ">
    <subfield code="c">8275</subfield>
    <subfield code="d">8275</subfield>
  </datafield>
</record>
